Les pays les moins peuplés - cliquez sur le quiz - Statistiques

Statistiques générales
  • Ce quiz a été pris 38 fois
  • Le résultat moyen est 5 sur 10
Réponses sur la Carte
Les réponses sont colorées sur une échelle allant du rouge au vert en fonction du pourcentage des utilisateurs qui les ont devinées à leur premier essai. Vous pouvez retrouver ces pourcentages ci-dessous.
 
Statistiques - réponses
Réponse % Correct
Vatican
72%
Liechtenstein
61%
Dominique
47%
Saint-Marin
47%
Îles Marshall
44%
Palaos
44%
Tuvalu
39%
Monaco
36%
Nauru
33%
Saint-Christophe- et-Niévès
28%
Aucun quiz correspondant
Distribution des résultats
% des personnes avec chaque résultat
Percentile par nombre de réponses
Votre historique - résultats
Vous n’avez pas pris ce quiz